000 00420nam a2200181Ia 4500
005 20250423100749.0
008 250422s9999 xx 000 0 und d
020 _a0-7394-4108-6
050 _aPS 3569 .T33828 R37/
100 _aSteel, Danielle
245 0 _aRansom
260 _aNew York
260 _bBantom Press & Delacorte Press
260 _c2004
300 _a546 p
650 _aLiterature
942 _cBK
999 _c34270
_d34270